Martin Luther King, Jr. : (Record no. 7298)

MARC details
000 -LEADER
fixed length control field 01195cam a2200313 a 4500
001 - CONTROL NUMBER
control field 4382003
003 - CONTROL NUMBER IDENTIFIER
control field TZ-ArACH
005 - DATE AND TIME OF LATEST TRANSACTION
control field 20240614143026.0
008 - FIXED-LENGTH DATA ELEMENTS--GENERAL INFORMATION
fixed length control field 910912s1992 caua j b 000 0beng
010 ## - LIBRARY OF CONGRESS CONTROL NUMBER
LC control number 91075983
020 ## - INTERNATIONAL STANDARD BOOK NUMBER
International Standard Book Number 9782757859704
040 ## - CATALOGING SOURCE
Original cataloging agency DLC
Transcribing agency TZ-ArACH
Modifying agency DLC
043 ## - GEOGRAPHIC AREA CODE
Geographic area code n-us---
050 00 - LIBRARY OF CONGRESS CALL NUMBER
Classification number E185
Item number .L46 2015
100 2# - MAIN ENTRY--PERSONAL NAME
Personal name Thompson-Peters, Flossie E.
245 10 - TITLE STATEMENT
Title Martin Luther King, Jr. :
Remainder of title une biographie /
Statement of responsibility, etc by Flossie E. Thompson-Peters ; illustrated by Kenneth L. Green.
260 ## - PUBLICATION, DISTRIBUTION, ETC. (IMPRINT)
Place of publication, distribution, etc Paris :
Name of publisher, distributor, etc Seuil,
Date of publication, distribution, etc 2015.
300 ## - PHYSICAL DESCRIPTION
Extent 519p. :
Dimensions 18 cm.
500 ## - GENERAL NOTE
General note Cover title: A biography of Martin Luther King, Jr.
504 ## - BIBLIOGRAPHY, ETC. NOTE
Bibliography, etc Notes, bibliography, index
600 10 - SUBJECT ADDED ENTRY--PERSONAL NAME
Personal name King, Martin Luther,
Titles and other words associated with a name Jr.,
Dates associated with a name 1929-1968
Form subdivision Biography
650 #0 - SUBJECT ADDED ENTRY--TOPICAL TERM
Topical term or geographic name as entry element African Americans
Form subdivision Biography
-- Juvenile literature.
650 #0 - SUBJECT ADDED ENTRY--TOPICAL TERM
Topical term or geographic name as entry element Civil rights workers
Geographic subdivision United States
Form subdivision Biography
-- Juvenile literature.
650 #0 - SUBJECT ADDED ENTRY--TOPICAL TERM
Topical term or geographic name as entry element Baptists
Geographic subdivision United States
General subdivision Clergy
Form subdivision Biography
-- Juvenile literature.
740 0# - ADDED ENTRY--UNCONTROLLED RELATED/ANALYTICAL TITLE
Uncontrolled related/analytical title Biography of Martin Luther King, Jr.
906 ## - LOCAL DATA ELEMENT F, LDF (RLIN)
a 7
b cbc
c orignew
d 2
e opcn
f 19
g y-gencatlg
942 ## - ADDED ENTRY ELEMENTS (KOHA)
Source of classification or shelving scheme Library of Congress Classification
Koha item type Books
Holdings
Home library Current library Date acquired Full call number Barcode Koha item type
African Court on Human and Peoples' Rights Library African Court on Human and Peoples' Rights Library 14/06/2024 E185 .L 38 2015 10187383 Books

African Court on Human and Peoples' Rights | For Inquiries Contact » +255 272 510 510